The house girl

Kaydedildi:
Detaylı Bibliyografya
Yazar: Conklin, Tara
Materyal Türü: Kitap
Dil:Undetermined
Baskı/Yayın Bilgisi: New York William Morrow Paperbacks 2013
Konular:
Etiketler: Etiketle
Etiket eklenmemiş, İlk siz ekleyin!
Thư viện lưu trữ: Trung tâm Học liệu Trường Đại học Cần Thơ
LEADER 00567nam a2200205Ia 4500
001 CTU_226539
008 210402s9999 xx 000 0 und d
082 |a 813.6 
082 |b C752 
100 |a Conklin, Tara 
245 4 |a The house girl 
245 0 |c Tara Conklin 
260 |a New York 
260 |b William Morrow Paperbacks 
260 |c 2013 
650 |a Nô lệ chạy trốn,Fugitive slaves 
650 |x Tiểu thuyết,Fiction 
650 |z Virginia,Virginia 
910 |b dqhieu 
980 |a Trung tâm Học liệu Trường Đại học Cần Thơ